000 00311nam a22001217a 4500
999 _c534294
_d534294
040 _cMSOHAIL
082 _a891.4393
100 _aShaukat Siddiqui - شوکت صدیقی
_928446
245 _aKamingah / کمین گاہ
260 _aKarachi
_bRakitab Publication
_cc2009
300 _a144;p
942 _2ddc
_cBK